[Event "Hamburg-ch Seniors op 13th"]
[Site "Hamburg"]
[Date "2006.11.02"]
[Round "7"]
[White "Cupina, Ibrahim"]
[Black "Hofmeier, Arthur"]
[Result "0-1"]
[WhiteElo "1590"]
[BlackElo "1373"]
[PlyCount "58"]
[EventDate "2006.10.27"]
[EventType "swiss"]
[EventRounds "9"]
[EventCountry "GER"]
[SourceTitle "EXT 2022"]
[Source "ChessBase"]
[SourceDate "2021.10.06"]
[SourceVersion "1"]
[SourceVersionDate "2021.10.06"]
[SourceQuality "1"]

1. e4 d6 2. d4 Nd7 3. f4 c5 4. d5 g6 5. Nf3 Bg7 6. Nc3 Nb6 7. Be2 f5 8. 0-0 Qc7 9. a4 Bd7 10. Nb5 Qd8 11. Ng5 a6 12. Nc3 Bxc3 13. bxc3 Nxa4 14. Rxa4 Bxa4 15. exf5 Nf6 16. fxg6 hxg6 17. f5 gxf5 18. Ne6 Qb6 19. Rxf5 Kd7 20. Qe1 Bxc2 21. Rxf6 exf6 22. Bg4 f5 23. Ng7 Rae8 24. Qf2 fxg4 25. Qxc2 c4+ 26. Kf1 Ref8+ 27. Ke1 Qg1+ 28. Kd2 Rf2+ 29. Ke3 Rxc2+ 0-1

[Event "Hamburg-ch Seniors op 13th"]
[Site "Hamburg"]
[Date "2006.10.29"]
[Round "3"]
[White "Berking, Bernhard"]
[Black "Cupina, Ibrahim"]
[Result "1/2-1/2"]
[WhiteElo "1560"]
[BlackElo "1590"]
[PlyCount "84"]
[EventDate "2006.10.27"]
[EventType "swiss"]
[EventRounds "9"]
[EventCountry "GER"]
[SourceTitle "EXT 2022"]
[Source "ChessBase"]
[SourceDate "2021.10.06"]
[SourceVersion "1"]
[SourceVersionDate "2021.10.06"]
[SourceQuality "1"]

1. c4 Nf6 2. Nc3 g6 3. d4 c5 4. d5 d6 5. g3 Bg7 6. Bg2 Na6 7. Nf3 Nc7 8. 0-0 Bd7 9. Rb1 Rb8 10. e4 Qc8 11. Bd2 0-0 12. Qc1 Ng4 13. Ne2 Ne5 14. Nxe5 Bxe5 15. Bc3 Bh3 16. Bxe5 Bxg2 17. Kxg2 dxe5 18. Qc3 f6 19. b4 Ne8 20. bxc5 Qxc5 21. Rb5 Qc8 22. c5 Nc7 23. Rb2 Qg4 24. f3 Qd7 25. a4 Rfc8 26. Qc4 Na6 27. c6 Kg7 28. cxd7 Rxc4 29. Rxb7 Rd8 30. Rxa7 Nc5 31. Rc1 Rxc1 32. Nxc1 Kf7 33. Ra5 Nxd7 34. Nd3 Rc8 35. Ra7 Ke8 36. Nb4 Rb8 37. Nc6 Rb2+ 38. Kg1 Rb1+ 39. Kg2 Rb2+ 40. Kh3 Rf2 41. Ra8+ Kf7 42. Ra7 Ke8 1/2-1/2

[Event "Hamburg Robinow op"]
[Site "Hamburg"]
[Date "2005.10.04"]
[Round "4"]
[White "Cupina, Ibrahim"]
[Black "Ludwig, Jan"]
[Result "1-0"]
[WhiteElo "1730"]
[BlackElo "1592"]
[PlyCount "31"]
[EventDate "2005.10.01"]
[EventType "swiss"]
[EventRounds "9"]
[EventCountry "GER"]
[SourceTitle "CBM 108 Extra"]
[Source "ChessBase"]
[SourceDate "2005.11.04"]
[SourceVersion "1"]
[SourceVersionDate "2005.11.04"]
[SourceQuality "1"]

1. g3 e5 2. Bg2 d5 3. b4 Bxb4 4. c4 Nf6 5. Qb3 Nc6 6. cxd5 Nd4 7. Qa4+ b5 8. Qd1 Nxd5 9. e3 Nc6 10. Nc3 Bxc3 11. dxc3 Be6 12. a4 bxa4 13. Qxa4 Qd7 14. Ba3 Nxc3 15. Qxc6 Rb8 16. Qxc3 1-0

[Event "Hamburg-ch qual1"]
[Site "Hamburg"]
[Date "2003.10.29"]
[Round "5"]
[White "Dangelowski, Peter"]
[Black "Cupina, Ibrahim"]
[Result "1/2-1/2"]
[WhiteElo "1818"]
[BlackElo "1716"]
[PlyCount "64"]
[EventDate "2003.10.??"]
[EventType "swiss"]
[EventRounds "7"]
[EventCountry "GER"]
[SourceTitle "EXT 2005"]
[Source "ChessBase"]
[SourceDate "2004.11.15"]
[SourceVersion "1"]
[SourceVersionDate "2004.11.15"]
[SourceQuality "1"]

1. d4 Nf6 2. Bf4 g6 3. h3 Bg7 4. e3 c5 5. c3 cxd4 6. exd4 d6 7. Nd2 0-0 8. Ngf3 Nc6 9. Be2 Nd5 10. Bg3 e5 11. dxe5 dxe5 12. 0-0 Be6 13. Bb5 Nf4 14. Re1 Qc7 15. Ne4 Rad8 16. Qa4 a6 17. Bxc6 bxc6 18. Rad1 Ne2+ 19. Kf1 Nxg3+ 20. Nxg3 Rxd1 21. Rxd1 Qb6 22. b3 Bd5 23. Nd2 Qb5+ 24. Qxb5 axb5 25. c4 bxc4 26. Nxc4 Ra8 27. Nb6 Rxa2 28. Nxd5 cxd5 29. Rxd5 Rb2 30. Rb5 f5 31. Rb8+ Kf7 32. Rb7+ Kf8 1/2-1/2

[Event "Hamburg-ch qual1"]
[Site "Hamburg"]
[Date "2003.10.28"]
[Round "4"]
[White "Cupina, Ibrahim"]
[Black "Neumann, Horst"]
[Result "1-0"]
[WhiteElo "1716"]
[BlackElo "2045"]
[PlyCount "52"]
[EventDate "2003.10.??"]
[EventType "swiss"]
[EventRounds "7"]
[EventCountry "GER"]
[SourceTitle "EXT 2005"]
[Source "ChessBase"]
[SourceDate "2004.11.15"]
[SourceVersion "1"]
[SourceVersionDate "2004.11.15"]
[SourceQuality "1"]

1. e4 c6 2. d4 d5 3. e5 Bf5 4. Ne2 e6 5. Ng3 Bg6 6. Nc3 Bb4 7. a3 Ba5 8. h4 f6 9. h5 Bf7 10. Qg4 Kf8 11. Bd2 Bxc3 12. bxc3 fxe5 13. dxe5 Qc7 14. Bd3 Qxe5+ 15. Kd1 Nf6 16. Qb4+ Kg8 17. Qxb7 Nfd7 18. Qxa8 Qc7 19. Rb1 Nb6 20. Rxb6 axb6 21. Qa4 e5 22. Qh4 e4 23. Be2 h6 24. Bf4 Qc8 25. Bg4 Qe8 26. Nf5 Be6 1-0

[Event "Hamburg HSK DWZ op 1st"]
[Site "Hamburg"]
[Date "2002.09.28"]
[Round "3"]
[White "Cupina, Ibrahim"]
[Black "Borgmeyer, Max"]
[Result "1-0"]
[WhiteElo "1674"]
[BlackElo "1288"]
[PlyCount "47"]
[EventDate "2002.09.??"]
[EventType "swiss"]
[EventRounds "5"]
[EventCountry "GER"]
[SourceTitle "EXT 2006"]
[Source "ChessBase"]
[SourceDate "2005.11.24"]
[SourceVersion "1"]
[SourceVersionDate "2005.11.24"]
[SourceQuality "1"]

1. g3 e5 2. Bg2 d5 3. b4 Bxb4 4. c4 c6 5. cxd5 cxd5 6. Qb3 Qb6 7. Bxd5 Nh6 8. Nf3 Nd7 9. Bb2 Bd6 10. Na3 Qxb3 11. Bxb3 0-0 12. Nc4 Bc5 13. Ncxe5 Nxe5 14. Nxe5 b6 15. Bd5 Rb8 16. 0-0 Bh3 17. Bg2 Bxg2 18. Kxg2 Rfe8 19. e3 Rbd8 20. d4 Bd6 21. Nc6 Ra8 22. a4 f6 23. Ba3 Bxa3 24. Rxa3 1-0

[Event "Hamburg HSK DWZ op 1st"]
[Site "Hamburg"]
[Date "2002.09.27"]
[Round "1"]
[White "Cupina, Ibrahim"]
[Black "Daschkin, Andrej"]
[Result "1-0"]
[WhiteElo "1674"]
[BlackElo "1328"]
[PlyCount "121"]
[EventDate "2002.09.??"]
[EventType "swiss"]
[EventRounds "5"]
[EventCountry "GER"]
[SourceTitle "EXT 2006"]
[Source "ChessBase"]
[SourceDate "2005.11.24"]
[SourceVersion "1"]
[SourceVersionDate "2005.11.24"]
[SourceQuality "1"]

1. e4 e5 2. Nf3 Nc6 3. d4 exd4 4. Nxd4 Nf6 5. Nxc6 bxc6 6. e5 Nd5 7. c4 Nb6 8. Bd3 d6 9. exd6 Bxd6 10. 0-0 0-0 11. c5 Bxc5 12. Qh5 Qxd3 13. Qxc5 Ba6 14. Re1 Rad8 15. Nc3 Rfe8 16. Be3 Qc4 17. Qf5 Qe6 18. Qf4 Qe5 19. Qg4 Nc4 20. Bd2 Qf6 21. Bg5 Qg6 22. Rxe8+ Rxe8 23. Qd7 Qe6 24. Qxe6 Rxe6 25. Bf4 Nxb2 26. Bxc7 Bb5 27. h3 a6 28. Rb1 Nd3 29. a4 Re1+ 30. Rxe1 Nxe1 31. axb5 axb5 32. Bd6 Nd3 33. Kf1 f6 34. Ke2 Ne5 35. Bxe5 fxe5 36. Kd3 Kf7 37. Ke4 Ke6 38. Kd3 b4 39. Na2 c5 40. Kc4 Kd6 41. Nc1 e4 42. Nb3 g5 43. Nxc5 Ke5 44. Kxb4 h5 45. Kc4 g4 46. h4 Kf4 47. Kd4 g3 48. Nxe4 gxf2 49. Nxf2 Kg3 50. Nd3 Kxg2 51. Nf4+ Kg3 52. Ng6 Kf3 53. Ke5 Kg4 54. Kf6 Kf3 55. Kg5 Ke4 56. Kxh5 Kf5 57. Kh6 Kf6 58. Kh7 Kf7 59. h5 Kf6 60. h6 Kf7 61. Ne5+ 1-0

[Event "Lucky op 2nd"]
[Site "Hamburg"]
[Date "1999.10.22"]
[Round "9"]
[White "Michaelsen, Jan"]
[Black "Cupina, Ibrahim"]
[Result "0-1"]
[WhiteElo "1129"]
[BlackElo "1771"]
[PlyCount "50"]
[EventDate "1999.10.??"]
[EventType "swiss"]
[EventRounds "9"]
[EventCountry "GER"]
[SourceTitle "EXT 2001"]
[Source "ChessBase"]
[SourceDate "2000.11.22"]
[SourceVersion "1"]
[SourceVersionDate "2000.11.22"]
[SourceQuality "1"]

1. c4 e5 2. Nc3 Nf6 3. g3 Nc6 4. Bg2 Bc5 5. Nf3 e4 6. Ng5 Bxf2+ 7. Kf1 Bc5 8. Ngxe4 Nxe4 9. Nxe4 Qe7 10. Nxc5 Qxc5 11. b3 0-0 12. Bb2 d6 13. e3 Qf5+ 14. Qf3 Qd3+ 15. Qe2 Qf5+ 16. Qf3 Qc2 17. Bc3 Ne5 18. Bxe5 dxe5 19. Qd1 Qg6 20. d3 c6 21. Ke1 Bg4 22. Qd2 Rad8 23. e4 Qd6 24. Bf1 Bf3 25. Rg1 Qd4 0-1

[Event "Lucky op 2nd"]
[Site "Hamburg"]
[Date "1999.10.20"]
[Round "7"]
[White "Jiltzow, Friedrich"]
[Black "Cupina, Ibrahim"]
[Result "1-0"]
[WhiteElo "1455"]
[BlackElo "1771"]
[PlyCount "33"]
[EventDate "1999.10.??"]
[EventType "swiss"]
[EventRounds "9"]
[EventCountry "GER"]
[SourceTitle "EXT 2001"]
[Source "ChessBase"]
[SourceDate "2000.11.22"]
[SourceVersion "1"]
[SourceVersionDate "2000.11.22"]
[SourceQuality "1"]

1. d4 d5 2. c4 e5 3. dxe5 d4 4. Bf4 Nc6 5. Nf3 Be6 6. Nbd2 Qd7 7. Rc1 0-0-0 8. a3 Nge7 9. b4 Ng6 10. Bg3 Bf5 11. Qa4 Ncxe5 12. Qxa7 Nc6 13. Qa8+ Nb8 14. c5 Ne7 15. b5 Qd5 16. b6 Rd7 17. Ne5 1-0

[Event "Lucky op 2nd"]
[Site "Hamburg"]
[Date "1999.10.16"]
[Round "2"]
[White "Cupina, Ibrahim"]
[Black "Brzuska, Christina"]
[Result "1-0"]
[WhiteElo "1771"]
[BlackElo "1515"]
[PlyCount "120"]
[EventDate "1999.10.??"]
[EventType "swiss"]
[EventRounds "9"]
[EventCountry "GER"]
[SourceTitle "EXT 2001"]
[Source "ChessBase"]
[SourceDate "2000.11.22"]
[SourceVersion "1"]
[SourceVersionDate "2000.11.22"]
[SourceQuality "1"]

1. e4 Nf6 2. Nc3 d5 3. e5 Nfd7 4. e6 fxe6 5. Nf3 Nf6 6. d4 Nc6 7. Ne5 Bd7 8. g4 g6 9. Bd3 Nb4 10. Nxg6 Nxd3+ 11. Qxd3 Rg8 12. Ne5 Nxg4 13. Qxh7 Nxe5 14. Qxg8 Nf7 15. h4 Bc6 16. Rg1 Qd7 17. Rg7 Nd6 18. Rg6 Nf5 19. Be3 Nxh4 20. Rxe6 0-0-0 21. 0-0-0 Bg7 22. Qf7 Bf6 23. Rh1 Nf5 24. Rh7 Nd6 25. Qxf6 exf6 26. Rxd7 Bxd7 27. Rxf6 Ne8 28. Rf8 Kb8 29. Bg5 Rc8 30. Nxd5 Nd6 31. Rxc8+ Bxc8 32. Bd8 Ne8 33. Kd2 b5 34. b3 Bb7 35. Nc3 b4 36. Nd1 Kc8 37. Be7 a5 38. Ne3 Be4 39. Nc4 Kd7 40. Bc5 Nf6 41. Nxa5 Ng4 42. f4 Nh2 43. Bxb4 Nf1+ 44. Kc1 Ng3 45. Bc5 Ke6 46. Nc4 Bf3 47. Nd2 Ne2+ 48. Kb2 Bg4 49. a4 Nxf4 50. a5 Bh3 51. a6 Bg2 52. a7 Kd7 53. Nb1 Kc8 54. Na3 Bc6 55. Nc4 Ne6 56. Na5 Be4 57. c4 Ba8 58. Kc3 Nxc5 59. dxc5 c6 60. b4 Kc7 1-0